Comparative study of two rice cultivation method in tramkak district, takeo province សិក្សាប្រៀបធៀបវិធីសាស្ត្រពីរយ៉ាង ក្នុងការដាំដុះដំណាំស្រូវ នៅស្រុកត្រាំកក់ ខេត្តតាកែវ (Record no. 1002)
[ view plain ]
| 000 -LEADER | |
|---|---|
| fixed length control field | 00695nam a22001577a 4500 |
| 003 - CONTROL NUMBER IDENTIFIER | |
| control field | OSt |
| 005 - DATE AND TIME OF LATEST TRANSACTION | |
| control field | 20150921163657.0 |
| 008 - FIXED-LENGTH DATA ELEMENTS--GENERAL INFORMATION | |
| fixed length control field | 150921b xxu||||| |||| 00| 0 eng d |
| 040 ## - CATALOGING SOURCE | |
| Transcribing agency | RUA |
| 082 ## - DEWEY DECIMAL CLASSIFICATION NUMBER | |
| Classification number | AGR HEN 2006 B034 Or.1 |
| 100 ## - MAIN ENTRY--PERSONAL NAME | |
| 9 (RLIN) | 1042 |
| Personal name | HENG, CHANMONICA. |
| 245 ## - TITLE STATEMENT | |
| Title | Comparative study of two rice cultivation method in tramkak district, takeo province សិក្សាប្រៀបធៀបវិធីសាស្ត្រពីរយ៉ាង ក្នុងការដាំដុះដំណាំស្រូវ នៅស្រុកត្រាំកក់ ខេត្តតាកែវ |
| 260 ## - PUBLICATION, DISTRIBUTION, ETC. (IMPRINT) | |
| Place of publication, distribution, etc. | Phnom penh |
| Name of publisher, distributor, etc. | RUA |
| Date of publication, distribution, etc. | 2006 |
| 300 ## - PHYSICAL DESCRIPTION | |
| Extent | 47p. |
| Other physical details | ill. |
| Dimensions | 29cm. |
| 942 ## - ADDED ENTRY ELEMENTS (KOHA) | |
| Source of classification or shelving scheme | |
| Koha item type | AGR |
| Price effective from | Date last seen | Permanent Location | Not for loan | Date acquired | Source of classification or shelving scheme | Koha item type | Lost status | Withdrawn status | Date last checked out | Total Checkouts | Shelving location | Damaged status | Barcode | Current Location | Full call number |
|---|---|---|---|---|---|---|---|---|---|---|---|---|---|---|---|
| 2015-09-21 | 2015-09-21 | Library Block B | 2015-09-21 | AGR | B034 | RUA002770 | Library Block B | AGR HEN 2006 B034 Or.1 | |||||||
| 2015-09-21 | 2016-12-09 | Library Block B | 2015-09-21 | AGR | 2016-12-06 | 3 | B034 | RUA002762 | Library Block B | AGR HEN 2006 B034 Or.2 | |||||
| 2015-09-21 | 2015-09-21 | Library Block B | 2015-09-21 | AGR | B034 | RUA002756 | Library Block B | AGR HEN 2006 B034 Or.3 | |||||||
| 2015-10-31 | 2015-10-31 | Library Block B | 2015-10-31 | AGR | B034 | RUA008566 | Library Block B | AGR HEN 2006 B034 Or.4 | |||||||
| 2018-12-21 | 2018-12-21 | Library Block B | 2018-12-21 | AGR | B1.194 | A42001 | Library Block B | AGR HEN 2006 B1.194 Or.1 |